| 000 | 00896nam a2200217Ia 4500 | ||
|---|---|---|---|
| 999 |
_c39415 _d39415 |
||
| 001 | 6006 | ||
| 003 | GE_BSU | ||
| 005 | 20190529203155.0 | ||
| 008 | 181216s1969||||ge |||||||||||||| ||geo|| | ||
| 040 | _cGE_BSU | ||
| 041 | _ageo | ||
| 080 | _a54(075.8)+546(075.8) გ-44 | ||
| 100 |
_aგვარამაძე, დ _91766 |
||
| 245 |
_aზოგადი (არაორგანული) ქიმიის სახელმძღვანელო : პირველი ნაწილი / _cდ. გვარამაძე ; რედ : პ. გოგრიშვილი. |
||
| 264 |
_aთბილისი : _bგანათლება, _c1975. |
||
| 300 |
_a396 გვ .: _c22 სმ. |
||
| 653 | _aზოგადი ქიმია | ||
| 653 | _a ქიმია | ||
| 700 |
_aგოგრიშვილი, პ _eრედაქტორი _91817 |
||
| 942 |
_cBK _2udc |
||